000 00628nam a2200169 4500
999 _c15896
_d15896
008 201217b ||||| |||| 00| 0 eng d
022 _a0732-8435
082 _aDPer 657.05 C33 Sept - Mar 2015, v. 85 - 86
100 _942692
_aHanson, Randall.
245 _aThe overtime pay issue in public accounting/
_b
_cRandall Hanson and R. D. Mautz, Jr.
260 _aNew York:
_bThe New York State Society of CPA,
_c©2015.
300 _av85 n12, pages 52-56:
_billustrations;
_c28 cm.
650 _aPersonnel management
_xAccountants.
_942693
650 _a
_942712
700 _aMautz, R. D., Jr.
_942697
_eAuthor.
942 _2ddc
_cPER